Largest African Airlines - Statistics

General Stats
  • This quiz has been taken 107 times
  • The average score is 6 of 10
Answer Stats
Passengers Airline % Correct
8.76 mil Ethiopian Airlines
91%
9.70 mil South African Airways
86%
8.50 mil EgyptAir
82%
7.40 mil Royal Air Maroc
69%
3.40 mil Kenya Airways
67%
3.50 mil Tunisair
57%
6.30 mil Air Algerie
54%
1.60 mil Air Mauritius
36%
3.53 mil Air Peace
20%
2.20 mil FlySafair
8%
No matching quizzes found
Score Distribution
Percent of People with Each Score
Percentile by Number Answered
Your Score History
You have not taken this quiz